000 00697nam a2200241 a 4500
001 ASIN0132777665
003 Nust- CAS-E
005 20180118181356.0
008 140305s1989 xxu eng d
020 _a0132777665
_c$54.00
020 _a9780132777667
040 _c0
050 0 4 _aNA2542.3
082 0 4 _a721
_bENE 1989
245 1 0 _aEnergy design for architects /
_cAlexander Shaw.
260 _a[S.l.] :
_bFairmont Pr,
_c1989.
300 _a349 p.
650 0 _aArchitecture and energy conservation
650 0 _aUnited States
700 1 _aShaw, Alexander.
856 4 0 _3Amazon.com
_uhttp://www.amazon.com/exec/obidos/ASIN/0132777665/chopaconline-20
942 _2ddc
_cBK
999 _c355281
_d355281